Acridine isothiocyanates chemistry and biology

Bibliographic Details
Other Authors: Kristian, Pavol, 1930-2021 (Editor)
Format: Book
Language:English
Published: Saarbrücken LAP LAMBERT Academic Publishing [2014]
Subjects:

MARC

LEADER 00000cam a2200000 4500
001 vtls012007966
003 SK-MaSNL
005 20260301150242.0
008 201208s2014 gw a frni 000 0 eng
015 |a SNBZSA2021/06 
020 |a 9783659245022 (brožované) 
040 |a SNK  |b slo  |c SNK  |e rda 
041 0 |a eng 
044 |a gw  |c DE 
072 7 |a 57  |x Všeobecná biológia  |2 konspekt 
072 7 |a 54  |x Chémia. Mineralogické vedy  |2 konspekt 
080 |a 57/59  |2 2011 
080 |a 54  |2 2011 
080 |a (048.8)  |2 2011 
080 |a (082)  |2 2011 
245 0 0 |a Acridine isothiocyanates  |b chemistry and biology  |c Pavol Kristian (Ed.) 
264 1 |a Saarbrücken  |b LAP LAMBERT Academic Publishing  |c [2014] 
264 4 |c © 2014 
300 |a 272 strán  |b ilustrácie, tabuľky, vzorce  |c 22 cm 
336 |a text  |b txt  |2 rdacontent 
337 |a bez média  |b n  |2 rdamedia 
338 |a zväzok  |b nc  |2 rdacarrier 
500 |a Obsahuje biografické a profesijné údaje o editorovi 
504 |a Obsahuje bibliografiu za jednotlivými kapitolami ; vecný register 
650 0 7 |a biológia  |2 SNKPH  |9 689 
650 0 7 |a Biology  |2 SNKPHeng  |9 82165 
650 0 7 |a chémia  |2 SNKPH  |9 749 
650 0 7 |a Chemistry  |2 SNKPHeng  |9 265248 
650 0 7 |a akridínové deriváty  |2 SNKPH  |9 507223 
655 7 |a štúdie  |2 SNKPH  |9 57033 
655 7 |a zborníky  |2 SNKPH  |9 70165 
655 7 |a Studies  |2 SNKPHeng  |9 265573 
655 7 |a Papers of several authors  |2 SNKPHeng  |9 153738 
700 1 |a Kristian, Pavol,  |d 1930-2021  |4 edt  |9 223871 
919 |a 978-3-659-24502-2 
958 |a ZS 
958 |a NB 
999 |c 782898  |d 784828 
952 |a SNK  |b SNK  |y PREZ  |7 0  |p 17A1452654  |o snkSC 192505  |i snk2021/4186  |8 4  |g 89.50  |0 0  |1 0  |4 0  |d 2020-12-08  |f 1  |l 0  |r 2025-10-09 00:00:00  |w 2026-02-24